000 00356nam a22001577a 4500
003 OSt
008 230509b |||||||| |||| 00| 0 eng d
020 _a9781398518179
041 _aeng
082 _a813
_bHOO/IT
100 _aHoover, colleen
_95445
245 _aIt ends with us
260 _aLondon
_bSimon&schuster
_c2016
300 _a376
942 _cBK
999 _c17682
_d17682